Química. La Ciencia central

Bibliographic Details
Main Authors: Brown, Theodore L., LeMay, H. Eugene., Busten, Bruce E
Format: Section = Libro
Language:Undetermined
Spanish
Published: México Prentice Hall 1998
Edition:7a.ed.
Subjects:
LEADER 00636nam a2200253Ia 4500
008 240829s9999 xx 000 0 und d
020 |a 970-17-0169-0 
040 |a BIBLIOTECA-RUSB/ 540 B881 
041 |a spa 
082 |a 540 B881 
100 1 |a Brown, Theodore L.  
100 1 |b LeMay, H. Eugene. 
100 1 |c Busten, Bruce E 
245 1 0 |a Química. La Ciencia central 
250 |a 7a.ed. 
260 |a México  |b Prentice Hall  |c 1998 
300 |a 1096 p. :il. 
650 7 |a QUIMICA 
650 7 |b  ESTEQUIOMETRIA 
650 7 |c  REACCIONES ACUOSAS 
650 7 |d  QUIMICA AMBIENTAL 
942 |c BK  |2 ddc 
991 |a TEXTO 
999 |c 2257